Top 10 Hardest levels each year in Geometry Dash - Statistics

General Stats
  • This quiz has been taken 3 times
  • The average score is 16 of 80
Answer Stats
Year Currently top Level Creators % Correct
2023 #8 Acheron by Metalface221 and more, published by ryamu, verified by [POB2P] Zoink
67%
2024 #8 Acheron by Metalface221 and more, published by ryamu, verified by [POB2P] Zoink
67%
2017 #447 Bloodbath by Riot and more, verified and published by Riot
67%
2018 #248 Sonic Wave by Cyclic, verified and published by Sunix
67%
2019 #248 Sonic Wave by Cyclic, verified and published by Sunix
67%
2023 #12 Abyss of Darkness by ZmL and more, published by Exen, verified by Cursed
33%
2024 #12 Abyss of Darkness by ZmL and more, published by Exen, verified by Cursed
33%
2022 #46 arcturus by Maxfs, verified by ultrakawaHD
33%
2023 #46 arcturus by Maxfs, verified by ultrakawaHD
33%
2017 #334 Artificial Ascent by Hinds and more, published by ViPriN, verified by combi
33%
2017 #402 Athanatos by Gaero, Herzilo and Exenity, verified by -, published by Exenity
33%
2024 #7 Avernus by SyQual and more, published by PockeWindfish, verified by [POB2P] Zoink
33%
2021 #111 Cognition by Endlevel and benji8080, verified by nSwish, published by Endlevel
33%
2021 #95 Cold Sweat by Sminx, Wulzy and para, verified by Kapinapi, published by para
33%
2020 #109 Crimson Planet by Metalface221 and more, published by TrueOmega, verified by Wooshi
33%
2021 #109 Crimson Planet by Metalface221 and more, published by TrueOmega, verified by Wooshi
33%
2018 #313 Digital Descent by KrmaL and more, published by ViPriN, verified by combi
33%
2018 #275 Erebus by Ilrell and Rustam, verified and published by BoldStep
33%
2019 #275 Erebus by Ilrell and Rustam, verified and published by BoldStep
33%
2022 #20 Firework by Buragoz and more, verified and published by [TCD] Trick
33%
2023 #20 Firework by Buragoz and more, verified and published by [TCD] Trick
33%
2024 #20 Firework by Buragoz and more, verified and published by [TCD] Trick
33%
2020 c Kenos by ChiefFlurry and more, verified and published by npesta
33%
2021 #76 Kenos by ChiefFlurry and more, verified and published by npesta
33%
2022 #76 Kenos by ChiefFlurry and more, verified and published by npesta
33%
2024 #18 KOCMOC by Vinty and more, published by cherryteam, verified by [POB2P] Zoink
33%
2024 #13 Kyouki by {出見塩}
33%
2023 #31 LIMBO by Eggnog and more, published by MindCap, verified by [1319] BUNNYGRAM
33%
2017 #434 Phobos by Andromeda and more, verified and published by KrmaL
33%
2020 #99 Renevant by nikroplays, verified by rori
33%
2021 #99 Renevant by nikroplays, verified by rori
33%
2023 #9 Silent clubstep by TheRealSailent, verified by [DL] zoe
33%
2024 #9 Silent clubstep by TheRealSailent, verified by [DL] zoe
33%
2022 #15 Slaughterhouse by icedcave and more, published by icedcave, verified by Doggie
33%
2023 #15 Slaughterhouse by icedcave and more, published by icedcave, verified by Doggie
33%
2024 #15 Slaughterhouse by icedcave and more, published by icedcave, verified by Doggie
33%
2022 #48 Sonic Wave Infinity by Davphla and more, published by APTeamOfficial, verified by [1319] Xanii
33%
2021 #53 Tartarus by Riot and more, verified and published by [USSR] Dolphy
33%
2022 #53 Tartarus by Riot and more, verified and published by [USSR] Dolphy
33%
2018 #256 Yatagarasu by Aeidux and more, published by TrusTa, verified by [DTC] Dragoon
33%
2019 #256 Yatagarasu by Aeidux and more, published by TrusTa, verified by [DTC] Dragoon
33%
2020 #77 Zodiac by Enlex and more, published by Bianox, verified by -
33%
2021 #77 Zodiac by Enlex and more, published by Bianox, verified by -
33%
2022 #77 Zodiac by Enlex and more, published by Bianox, verified by -
33%
2020 #194 Arctic Lights by Endlevel and iIiViRuZiIi, verified and published by Metalface221
0%
2017 #493 Audio Extraction by GoodSmile and more, published by GoodSmile, verified by Luqualizer
0%
2017 #442 Betrayal of Fate by xcy7 and weoweoteo, verified by -, published by weoweoteo
0%
2019 #151 Bloodlust by knobbelboy and more, verified and published by knobbelboy
0%
2020 #151 Bloodlust by knobbelboy and more, verified and published by knobbelboy
0%
2018 #316 Cadrega City by Pennutoh and Berke423, verified by Sunix, published by Pennutoh
0%
2021 #106 Calculator Core by Koreaqwer and more, published by Walroose, verified by -
0%
2019 #287 Celestial Force by Hoshikido and more, published by MindCap, verified by [JOB] supahant
0%
2024 #34 Codependence by GaidenHertuny and more, published by TCTeam, verified by Pukklez
0%
2017 #462 Conical Depression by KrmaL
0%
2020 #163 Deimos by Andromeda and more, published by Endlevel, verified by npesta
0%
2019 #291 Devil Vortex by Rustam, verified by -
0%
2018 #226 Gamma by Ferox242 and more, published by MindCap, verified by Technical
0%
2019 #226 Gamma by Ferox242 and more, published by MindCap, verified by Technical
0%
2022 #87 Hard Machine by nikroplays, viri and Komp, verified by Varium, published by Komp
0%
2017 #372 Hatred by AZuLer4 and SrGuillester, verified by -, published by AZuLer4
0%
2017 #410 Infernal Abyss by Bianox, Ggb0y and Manix648, verified by -, published by Ggb0y
0%
2020 #189 kowareta by Gablor, Endlevel and Minaxa, verified and published by Gablor
0%
2020 #120 Lucid Nightmares by DonutTV and CairoX, verified by Wooshi, published by CairoX
0%
2023 #57 Oblivion by benji8080 and more, verified and published by [smd] dice88
0%
2018 #195 Plasma Pulse Finale by Giron and Smokes, verified and published by Smokes
0%
2019 #195 Plasma Pulse Finale by Giron and Smokes, verified and published by Smokes
0%
2023 #22 poocubed by Liisp and more, published by Liisp, verified by Kyasshukodo
0%
2018 #347 Quantum Processing by Riot and more, published by Riot, verified by Rampage
0%
2023 #17 Sakupen Circles by Muffy450 and more, verified and published by [TCD] Diamond
0%
2024 #17 Sakupen Circles by Muffy450 and more, verified and published by [TCD] Diamond
0%
2017 #436 Sakupen Hell by Noobas, verified and published by TrusTa
0%
2019 #230 Spacial Rend by Vapen and more, published by Eclipsed, verified by DiamondSplash
0%
2018 #314 Stalemate Redux by Nox, TehTactiq and TheFrozenTide, verified by Zephal, published by TehTactiq
0%
2021 #60 The Golden by rWoomy and more, published by BoBoBoBoBoBoBo, verified by nSwish
0%
2022 #60 The Golden by rWoomy and more, published by BoBoBoBoBoBoBo, verified by nSwish
0%
2021 #96 Thinking Space by HidekiX, verified and published by Atomic
0%
2022 #72 Trueffet by SyQual and Rainstorm, verified by Baeru, published by SyQual
0%
2020 #191 Visible Ray by HaNavi and more, published by Krampux, verified by Seturan
0%
2018 #317 ZAPHKIEL by Darwin and Noctafly, verified by -, published by Darwin
0%
2019 #317 ZAPHKIEL by Darwin and Noctafly, verified by -, published by Darwin
0%
No matching quizzes found
Score Distribution
Percent of People with Each Score
Percentile by Number Answered
Your Score History
You have not taken this quiz